000 00765nam a2200217 i 4500
001 106442
003 ES-MaACL
005 20230906184140.0
007 t|
008 061121s1991 sp ||||1| spa d
020 _a84-7483-689-1
080 _a903/904:069(460.27 M.)
100 1 _aRodero Riaza, Alicia.
_998124
245 1 0 _aProtohistoria y colonizaciones
_b: salas VII-X, XIX-XX [del Museo Arqueológico Nacional] /
_cAlicia Rodero Riaza.
260 _aMadrid :
_bMuseo Arqueológico Nacional,
_c[1991]
300 _ap. 51-87 :
_bil. ;
_c30 cm.
500 _aTomo I, Separata II.
610 2 7 _aMuseo Arqueológico Nacional (España)-
_vGuías.
_95828
710 2 _aMuseo Arqueológico Nacional (España)
_95827
852 _aES-MaACL
_j2198-F-20
_bR.138176
999 _c106442
_d106442